| 000 | 00901nas a2200301 4500 | ||
|---|---|---|---|
| 001 | BR2010005732 | ||
| 003 | BR-BrBNA | ||
| 005 | 20231205114745.0 | ||
| 007 | ta | ||
| 008 | 230509b bl.|||p| |||| 00| 00por d | ||
| 040 |
_aBR-BrBNA _bpor _cBiblioteca Nacional de Agricultura |
||
| 041 | _a(Pt) | ||
| 072 | _aF30; H20 | ||
| 100 | 1 | _aNeder, D.G. | |
| 100 | 1 | _aPinto, C.A.B.P. | |
| 100 | 1 | _aMelo, D.Si. | |
| 100 | 1 | _aLepre, A.L. | |
| 100 | 1 | _aPeixoto, L. dos S. | |
| 245 | 1 | _aSeleção de clones de batata com resistência múltipla à pinta preta e aos vírus X e Y | |
| 650 | _aBATATA | ||
| 650 | _aVARIEDADE RESISTENTE | ||
| 650 | _aMARCADOR MOLECULAR | ||
| 650 | _aDOENÇA DE PLANTA | ||
| 650 | _aVÍRUS | ||
| 773 | 0 |
_tCiência Rural (Brazil) _xISSN 0103-8478 _g(Aug 2010), v. 40(8) p. 1702-1708 _wBR2010005732 |
|
| 909 |
_a202311 _bLúcia _c55 _dLúcia Elande |
||
| 942 |
_2AGRIS _n0 _cANA |
||
| 999 |
_c210329 _d210329 |
||